00699nam a2200181 a 450000100100000000500170001000800410002704000250006808200090009310000260010224500480012825000110017626000350018730000210022259000750024395201820031899900170050000003542120200930074330.0111031s1958 ag 000 0 spa d aDO-SdBNPbspacBNPHU axxxx1 aMesser, August96125410aFilosofía y educación /cAugust Messer. a5a ed. aBuenos Aires :bLosada,c1958. a161 p. ;c20 cm. aPerteneció a la biblioteca personal de Juan Isidro Jimenes Grullón 001050718MOaGRbGRcCTd2011-10-31iLF1l0oxxxx p35421-10r2020-06-25w2020-06-25y1zPerteneció a la biblioteca personal de Juan Isidro Jimenes Grullón.ZNo se presta c34912d34912